000 00665cam a2200217 4500500
005 20260405001825.0
041 _afre
042 _adc
100 1 0 _aEltchaninoff, Michel
_eauthor
245 0 0 _aL’autre arme de Vladimir Poutine : la parodie carnavalesque
260 _c2014.
500 _a96
690 _aBakhtine
690 _aCarnavalesque
690 _aDiscours
690 _aMichel Eltchaninoff
690 _aPoutine
690 _aRhétorique
786 0 _nPhilosophie magazine | 83 | 10 | 2014-10-01 | p. 11-11 | 1951-1787
856 4 1 _uhttps://shs.cairn.info/magazine-philosophie-magazine-2014-10-page-11?lang=fr&redirect-ssocas=7080
999 _c2051443
_d2051443